Alaṅkāra-vimarśa. (Record no. 76924)

MARC details
000 -LEADER
fixed length control field 00586cam a22002291 4500
001 - CONTROL NUMBER
control field sa 68000077
003 - CONTROL NUMBER IDENTIFIER
control field DLC
005 - DATE AND TIME OF LATEST TRANSACTION
control field 20260227112420.0
008 - FIXED-LENGTH DATA ELEMENTS--GENERAL INFORMATION
fixed length control field 890802s1966 ii b 000 0 hino
010 ## - LIBRARY OF CONGRESS CONTROL NUMBER
LC control number sa 68000077
035 ## - SYSTEM CONTROL NUMBER
System control number (OCoLC)20116445
040 ## - CATALOGING SOURCE
Original cataloging agency DLC
Transcribing agency WaU
Modifying agency DLC
042 ## - AUTHENTICATION CODE
Authentication code premarc
050 00 - LIBRARY OF CONGRESS CALL NUMBER
Classification number PK1939
Item number .M3
100 1# - MAIN ENTRY--PERSONAL NAME
Personal name Prasāda, Kr̥shṇa Nārāyaṇa,
Dates associated with a name 1933-
245 10 - TITLE STATEMENT
Title Alaṅkāra-vimarśa.
260 ## - PUBLICATION, DISTRIBUTION, ETC.
Date of publication, distribution, etc. 1966.
300 ## - PHYSICAL DESCRIPTION
Extent 12, 548 p.
Dimensions 18 cm.
500 ## - GENERAL NOTE
General note In Hindi.
504 ## - BIBLIOGRAPHY, ETC. NOTE
Bibliography, etc. note Bibliography: p. [545]-548.
650 #0 - SUBJECT ADDED ENTRY--TOPICAL TERM
Topical term or geographic name entry element Hindi language
General subdivision Rhetoric.

No items available.

Powered by Koha